000 00866nam a2200217Ii 4500
003 JO-AjNU
008 230605s9999||||xx |||||||||||||| ||und||
020 _a978-9953-524-86-3
040 _aJO-AjNU
_bara
_erda
_cJO-AjNU
041 _aara
050 1 4 _aK845.E44.J39.2010
100 3 _a الجواري ، سلطان عبداللة محمود ,
_eauthor
_931320
245 0 0 _aعقود التجارة الإلكترونية والقانون الواجب التطبيق " دراسة قانونية مقارنة "
250 _aط1
264 3 1 _aبيروت : الحلبي الحقوقية ، 2010
300 _a327ص
336 _atext
_btxt
_2rdacontent
337 _aunmediated
_bn
_2rdamedia
338 _avolume
_bnc
_2rdacarrier
650 4 _aالعقود الالكترونية -- التوقيع الالكتروني -- قوانين وتشريعات
_931321
999 _aA12516
_c16084
_d16084